000 00663nam a2200181Ia 4500
008 100921s9999 xx 000 0 und d
082 _b428
_a891.463 थ 72
100 _aआपटे हरी नारायण.
245 _aकेवळ स्वराज्यासाठी.
260 _bरम्यकथा प्रकाशन, पुणे.
_c1972
300 _a0
_b---
365 _b14
520 _aललित-कादंबरी.
630 _aकेवळ स्वराज्यासाठी.
650 _aललित-कादंबरी.
730 _aकेवळ स्वराज्यासाठी.
942 _cBOOK
999 _c749541
_d749538